[Event "AUTO-MASTER-2928"]
[Site "http://www.queenalice.com/game.php?id=1601888"]
[Date "2020.3.7"]
[Round "1"]
[White "Andalgala"]
[Black "Canaye"]
[Result "1-0"]
[WhiteElo "2176"]
[BlackElo "1876"]

1. d4 e6 2. Nf3 d5 3. e3 c5 4. b3 Nc6 5. Bb2 Nf6 6. a3 cxd4 7. exd4 Bd7 8. Bd3
Be7 9. O-O O-O 10. c4 Qc7 11. Qc2 Rae8 12. Nbd2 b6 13. Rac1 Bd6 14. Rfe1 dxc4
15. bxc4 g6 16. d5 exd5 17. Bxf6 d4 18. Qb2 Bf4 19. Ne4 Bg4 20. Nxd4 Bxc1 21.
Qxc1 Nd8 22. Qh6 Ne6 23. Ng5 Qd7 24. Qxh7# 1-0

[Event "AUTO-MASTER-2928"]
[Site "http://www.queenalice.com/game.php?id=1601899"]
[Date "2020.3.7"]
[Round "1"]
[White "Andalgala"]
[Black "dazzeechain"]
[Result "1-0"]
[WhiteElo "2201"]
[BlackElo "2025"]

1. d4 d5 2. Nf3 Nf6 3. e3 e6 4. b3 Bd6 5. Bd3 h6 6. Bb2 Nc6 7. O-O O-O 8. c4 Nb4
9. Be2 Ne4 10. c5 Be7 11. a3 Nc6 12. b4 b6 13. Nc3 Nxc3 14. Bxc3 Bf6 15. b5 Ne7
16. c6 a6 17. a4 Ng6 18. Bd3 Ne7 19. Bb4 a5 20. Ba3 Re8 21. h4 Nf5 22. g3 g6 23.
Ne5 Nd6 24. Qc2 Nf5 25. Kg2 h5 26. Rh1 Bxe5 27. dxe5 d4 28. e4 Nh6 29. f3 Kg7
30. Rhe1 f6 31. exf6+ Qxf6 32. e5 Qf7 33. Bb2 Rd8 34. Qc4 Nf5 35. Bxf5 exf5 36.
e6 Qe7 37. Bxd4+ Kh7 38. Re2 Rd6 39. Rae1 f4 40. Be5 Rxe6 41. Bxf4 Rxe2+ 42.
Qxe2 Qf7 43. Qe8 Qxe8 44. Rxe8 Bh3+ 45. Kxh3 Rxe8 46. Bxc7 Re3 47. Bxb6 Ra3 48.
Bxa5 Rxa4 49. c7 Rc4 50. b6 1-0

[Event "AUTO-MASTER-2928"]
[Site "http://www.queenalice.com/game.php?id=1601900"]
[Date "2020.3.7"]
[Round "1"]
[White "dazzeechain"]
[Black "Andalgala"]
[Result "0-1"]
[WhiteElo "2049"]
[BlackElo "2201"]

1. e4 d6 2. Nf3 g6 3. d4 Bg7 4. c4 Nd7 5. Nc3 e5 6. d5 Nh6 7. Be2 O-O 8. Bg5 f6
9. Bh4 Nf7 10. O-O h6 11. h3 a6 12. Bg3 f5 13. exf5 gxf5 14. Bh4 Bf6 15. Bxf6
Qxf6 16. Nd2 Kh8 17. f4 e4 18. Nb3 Nc5 19. Nxc5 dxc5 20. a3 Nd6 21. Qd2 Bd7 22.
Rac1 Rg8 23. Qe3 Qd4 24. Qxd4+ cxd4 25. Nd1 c5 26. Nf2 Rg3 27. Bh5 Rag8 28. Kh1
Rxg2 29. h4 d3 30. Nd1 R2g3 31. Rc3 Rh3# 0-1

[Event "AUTO-MASTER-2906"]
[Site "http://www.queenalice.com/game.php?id=1604363"]
[Date "2020.3.26"]
[Round "2"]
[White "Sacapiece"]
[Black "Andalgala"]
[Result "1-0"]
[WhiteElo "2275"]
[BlackElo "2208"]

1. e4 d6 2. d4 e6 3. Nc3 Nf6 4. Nf3 Be7 5. Bd3 c5 6. O-O O-O 7. e5 Nd5 8. exd6
Bxd6 9. Ne4 cxd4 10. Nfg5 h6 11. Nh7 Re8 12. Qh5 Bf4 13. Bxf4 Nxf4 14. Nhf6+
gxf6 15. Qxh6 Nd7 16. Qxf4 b6 17. Nd6 Re7 18. Qg4+ Kf8 19. Qh5 f5 20. Qh8# 1-0

[Event "AUTO-MASTER-2906"]
[Site "http://www.queenalice.com/game.php?id=1604364"]
[Date "2020.3.26"]
[Round "2"]
[White "Andalgala"]
[Black "Sacapiece"]
[Result "1/2-1/2"]
[WhiteElo "2198"]
[BlackElo "2285"]

1. d4 Nf6 2. e3 d5 3. Nf3 Bg4 4. Be2 Nbd7 5. h3 Bxf3 6. Bxf3 e5 7. dxe5 Nxe5 8.
Be2 Bd6 9. O-O Qe7 10. Nc3 c6 11. b3 O-O-O 12. b4 h5 13. Qd4 Bb8 14. a4 g5 15.
Ba3 g4 16. b5 Qc7 17. Qf4 Ne4 18. Nxe4 dxe4 19. bxc6 Qxc6 20. Qf5+ Rd7 21. Bb5
Qc7 22. Rfd1 Nf3+ 23. Kf1 Nh2+ 24. Kg1 Nf3+ 25. Kf1 Nh2+ 26. Kg1 Nf3+ 1/2-1/2

[Event "AUTO-MASTER-2906"]
[Site "http://www.queenalice.com/game.php?id=1604372"]
[Date "2020.3.26"]
[Round "2"]
[White "WoodpusherKid"]
[Black "Andalgala"]
[Result "0-1"]
[WhiteElo "2125"]
[BlackElo "2218"]

1. e4 d6 2. d4 g6 3. c4 Bg7 4. Nc3 Nd7 5. Bg5 h6 6. Be3 e5 7. d5 a5 8. Bd3 Ngf6
9. f3 O-O 10. Nge2 Nc5 11. Bc2 c6 12. Qd2 Kh7 13. O-O cxd5 0-1

[Event "AUTO-MASTER-2962"]
[Site "http://www.queenalice.com/game.php?id=1614837"]
[Date "2020.6.1"]
[Round "1"]
[White "Diego_Silveira"]
[Black "Andalgala"]
[Result "1/2-1/2"]
[WhiteElo "2099"]
[BlackElo "2163"]

1. Nf3 g6 2. g3 Bg7 3. Bg2 d5 4. d4 Nf6 5. O-O O-O 6. c4 e6 7. Nc3 h6 8. Qb3 Nc6
9. cxd5 exd5 10. Rd1 b6 11. Bd2 Bb7 12. Rac1 Na5 13. Qc2 Nc4 14. Be1 Qe7 15. Nd2
Nxd2 16. Rxd2 Rfe8 17. Nb5 c6 18. Nc3 Ne4 19. Nxe4 dxe4 20. e3 Ba6 21. Qa4 Bb5
22. Qb3 Bd3 23. Bf1 Bxf1 24. Kxf1 Rac8 25. Rdc2 Qd7 26. Kg2 Rc7 27. a4 Rec8 28.
Bb4 Qf5 29. Qc4 Qf3+ 30. Kg1 c5 31. Qf1 Bf8 32. dxc5 bxc5 33. Ba5 Rc6 34. b4 c4
35. Rxc4 Rxc4 36. Rxc4 Rxc4 37. Qxc4 Qd1+ 38. Kg2 Qxa4 39. Qxe4 a6 40. Qc4 Kg7
41. Qd4+ Kg8 42. Qc4 Kg7 43. Qd4+ Kg8 44. Qc4 Qb5 45. Qe4 Kg7 1/2-1/2

[Event "AUTO-MASTER-2962"]
[Site "http://www.queenalice.com/game.php?id=1614838"]
[Date "2020.6.1"]
[Round "1"]
[White "Andalgala"]
[Black "Diego_Silveira"]
[Result "0-1"]
[WhiteElo "2189"]
[BlackElo "2079"]

1. d4 d5 2. Nf3 Nf6 3. e3 c5 4. b3 Nc6 5. Bb2 e6 6. a3 Be7 7. Bd3 O-O 8. O-O b6
9. Nbd2 Bb7 10. c4 Rc8 11. Rc1 cxd4 12. exd4 Re8 13. Re1 Bf8 14. h3 Ba6 15. Qe2
h6 16. Nf1 Bb7 17. Ne3 Ne4 18. Bxe4 dxe4 19. Nd2 Nxd4 20. Qh5 Rc5 21. Qd1 Rg5
22. Bxd4 Qxd4 23. b4 f5 24. Ndf1 Qe5 25. h4 Rg6 26. Qh5 Qf6 27. Red1 f4 28. Ng4
Qf5 29. Qxf5 exf5 30. Ngh2 e3 31. Rd7 Rxg2+ 32. Kh1 exf2 33. Nd2 Rg1# 0-1

[Event "AUTO-MASTER-2962"]
[Site "http://www.queenalice.com/game.php?id=1614853"]
[Date "2020.6.1"]
[Round "1"]
[White "cerenzo72"]
[Black "Andalgala"]
[Result "1-0"]
[WhiteElo "2097"]
[BlackElo "2218"]

1. e4 d6 2. Nf3 g6 3. d4 Bg7 4. c4 Nf6 5. Bd3 Bg4 6. Nbd2 e5 7. dxe5 dxe5 8. Qc2
Nc6 9. a3 a5 10. c5 O-O 11. O-O a4 12. Bb5 Nd4 13. Nxd4 Qxd4 14. b3 axb3 15.
Nxb3 Qd8 16. Bb2 c6 17. Bc4 Qc7 18. f3 Bd7 19. Rad1 Rad8 20. Bc3 Rde8 21. f4
exf4 22. h3 Nh5 23. Bxg7 Kxg7 24. Nd4 Ng3 25. Rfe1 Re5 26. Qc3 Kg8 27. Nf3 Rxe4
28. Ng5 Rxe1+ 29. Rxe1 Nf5 30. Ne4 1-0

[Event "AUTO-MASTER-2962"]
[Site "http://www.queenalice.com/game.php?id=1614854"]
[Date "2020.6.1"]
[Round "1"]
[White "Andalgala"]
[Black "cerenzo72"]
[Result "0-1"]
[WhiteElo "2174"]
[BlackElo "2125"]

1. d4 Nf6 2. Nf3 g6 3. b3 Bg7 4. Bb2 d6 5. e3 O-O 6. Be2 Nbd7 7. c4 e5 8. Nc3
exd4 9. exd4 b6 10. O-O Bb7 11. d5 c6 12. dxc6 Bxc6 13. Nd4 Bb7 14. Ndb5 Ne4 15.
Nxd6 Nxc3 16. Bxc3 Bxg2 17. Kxg2 Bxc3 18. Rc1 Qg5+ 19. Kh1 Be5 20. Ne4 Qh4 21.
Ng3 Nf6 22. Rc2 Ne4 23. Qd3 Nxg3+ 24. fxg3 Qh6 25. Bf3 Rad8 26. Bd5 Kg7 27. Rcf2
f5 28. Qf3 f4 29. g4 g5 30. Re1 Bd4 31. Re7+ Kh8 32. Qd3 Bxf2 33. Qc3+ Qf6 0-1

[Event "AUTO-MASTER-2962"]
[Site "http://www.queenalice.com/game.php?id=1614863"]
[Date "2020.6.1"]
[Round "1"]
[White "Rafale2000"]
[Black "Andalgala"]
[Result "0-1"]
[WhiteElo "1888"]
[BlackElo "2208"]

1. e4 d6 2. d4 g6 3. Nc3 Nd7 4. f4 Bg7 5. Be3 e6 6. Nf3 Ne7 7. Be2 O-O 8. O-O b6
9. b4 c5 10. bxc5 dxc5 11. dxc5 Bxc3 0-1

[Event "AUTO-MASTER-2962"]
[Site "http://www.queenalice.com/game.php?id=1614864"]
[Date "2020.6.1"]
[Round "1"]
[White "Andalgala"]
[Black "Rafale2000"]
[Result "1-0"]
[WhiteElo "2227"]
[BlackElo "1950"]

1. d4 Nf6 2. Nf3 c5 3. e3 cxd4 4. exd4 e6 5. Bd3 d5 6. O-O Bd6 7. Ne5 Nbd7 8. f4
Be7 9. c3 Nxe5 10. fxe5 Nd7 11. Be3 Qb6 12. Qe2 a6 13. Kh1 f6 14. Qh5+ Kd8 15.
Qe2 Nf8 16. c4 dxc4 17. Bxc4 Bd7 18. d5 Bc5 19. exf6 gxf6 20. Bh6 f5 21. Nc3 Ke7
22. dxe6 Bxe6 23. Nd5+ 1-0

[Event "AUTO-MASTER-2928"]
[Site "http://www.queenalice.com/game.php?id=1622806"]
[Date "2020.8.4"]
[Round "2"]
[White "StenioVS"]
[Black "Andalgala"]
[Result "1-0"]
[WhiteElo "2159"]
[BlackElo "2202"]

1. Nf3 d6 2. c4 e5 3. d3 Nc6 4. g3 f5 5. Bg2 Nf6 6. O-O Be7 7. Nc3 O-O 8. a3 a5
9. b3 h6 10. Bb2 Be6 11. Rc1 Qd7 12. Nh4 1-0

[Event "AUTO-MASTER-2928"]
[Site "http://www.queenalice.com/game.php?id=1622807"]
[Date "2020.8.4"]
[Round "2"]
[White "Andalgala"]
[Black "StenioVS"]
[Result "1-0"]
[WhiteElo "2151"]
[BlackElo "2145"]

1. d4 g6 2. Nf3 Bg7 3. e3 c5 4. Be2 cxd4 5. exd4 Nf6 6. O-O O-O 7. c4 d5 8. h3
Nc6 9. Nc3 Bf5 10. Be3 h5 11. a3 dxc4 12. Bxc4 Rc8 13. Ba2 Ne4 14. Nh4 Nxc3 15.
bxc3 Qd7 16. Nxf5 Qxf5 17. Rb1 b6 18. Qe2 Rfd8 19. Rb5 Qd7 20. Qf3 Na5 21. Qxf7+
Kh7 22. Rxh5+ gxh5 23. Qxh5+ 1-0

[Event "AUTO-MASTER-2928"]
[Site "http://www.queenalice.com/game.php?id=1622814"]
[Date "2020.8.4"]
[Round "2"]
[White "Andalgala"]
[Black "Donidon"]
[Result "0-1"]
[WhiteElo "2155"]
[BlackElo "2432"]

1. d4 Nf6 2. Nf3 d5 3. e3 g6 4. b3 Bg7 5. Be2 O-O 6. Bb2 Nc6 7. O-O Ne4 8. c4 e6
9. Nc3 Nxc3 10. Bxc3 Qe7 11. Nd2 Rd8 12. Bf3 Rb8 13. a3 b6 14. cxd5 exd5 15. Rc1
Bb7 16. Qc2 Qxa3 17. Ra1 Qe7 0-1

[Event "AUTO-MASTER-2928"]
[Site "http://www.queenalice.com/game.php?id=1622815"]
[Date "2020.8.4"]
[Round "2"]
[White "Donidon"]
[Black "Andalgala"]
[Result "1-0"]
[WhiteElo "2444"]
[BlackElo "2167"]

1. e4 d6 2. d4 g6 3. Nf3 Bg7 4. Nc3 Nd7 5. Bc4 e6 6. O-O Nb6 7. Bb3 Nf6 8. Qe2
O-O 9. Bg5 h6 10. Be3 Ng4 11. h3 Nxe3 12. Qxe3 Qe7 13. a4 a5 14. e5 d5 15. Nb5
Nc4 16. Bxc4 dxc4 17. Qa3 Qd7 18. Qc5 Qc6 19. Nxc7 Qxc5 20. dxc5 Rb8 21. Rad1 f5
22. c3 Rf7 23. Rd8+ Kh7 24. Nxe6 Rd7 25. Re8 Rd5 26. Nxg7 Kxg7 27. e6 Rxc5 28.
Re1 Kf6 29. e7 Kf7 30. Rf8+ 1-0

[Event "AUTO-MASTER-2925"]
[Site "http://www.queenalice.com/game.php?id=1630163"]
[Date "2020.10.18"]
[Round "2"]
[White "Guilherme_Ottoni"]
[Black "Andalgala"]
[Result "1/2-1/2"]
[WhiteElo "2224"]
[BlackElo "2153"]

1. d4 d6 2. e4 g6 3. c4 Bg7 4. Nc3 Nf6 5. Bd3 e5 6. dxe5 dxe5 7. Nf3 Bg4 8. h3
Bxf3 9. Qxf3 Nc6 10. Bg5 Nd4 11. Qg3 Qd6 12. O-O O-O 13. Bxf6 Bxf6 14. Nd5 Bg7
15. Qe3 c6 16. Nc3 Rad8 17. Rad1 Qf6 18. Bb1 Rd7 19. Ne2 Bh6 20. Qd3 Rfd8 21.
Nxd4 Rxd4 22. Qb3 Qe7 23. Rxd4 Rxd4 24. Rd1 Rd2 25. Rxd2 Bxd2 26. Qc2 Bb4 27.
Qd3 Bc5 28. Kf1 Bd4 29. b3 Qf6 30. f3 Qg5 31. Qe2 Qg3 32. Bd3 Qh2 33. Ke1 Qg1+
34. Qf1 Qe3+ 35. Qe2 Qc1+ 36. Qd1 Qf4 37. Qe2 Kg7 38. Kd1 h5 39. Qd2 Qh2 40. Qe2
Kf6 41. Kc2 Kg5 42. Qd2+ Qf4 1/2-1/2

[Event "AUTO-MASTER-2925"]
[Site "http://www.queenalice.com/game.php?id=1630164"]
[Date "2020.10.18"]
[Round "2"]
[White "Andalgala"]
[Black "Guilherme_Ottoni"]
[Result "0-1"]
[WhiteElo "2163"]
[BlackElo "2230"]

1. d4 d5 2. Nf3 Nf6 3. e3 c5 4. b3 e6 5. Bb2 cxd4 6. exd4 Nc6 7. c4 Bb4+ 8. Nbd2
O-O 9. a3 Be7 10. Bd3 b6 11. O-O Bb7 12. Rc1 Rc8 13. Re1 dxc4 14. bxc4 Qc7 15.
d5 Nd8 16. Qe2 Bd6 17. Bxf6 gxf6 18. Bxh7+ Kxh7 19. Ng5+ Kg6 20. Qe4+ f5 21. Qh4
Bxh2+ 22. Kh1 Bf4 23. Ndf3 Bxc1 24. Ne5+ Qxe5 25. Qh7+ Kxg5 26. Rxe5 Kf6 27.
dxe6 fxe6 28. Re1 Nf7 29. Qh4+ Bg5 30. Qd4+ e5 31. Qd7 Rh8+ 32. Kg1 Bxg2 33.
Kxg2 Rxc4 34. Qxa7 Rg4+ 35. Kf3 Rh3+ 36. Ke2 Re4+ 37. Kd1 Rd3+ 38. Kc2 Rd2+ 0-1